Statistiken für Nationalflaggen Quiz #1

Klicken Sie hier um das Quiz zu spielen!

Allgemein

  • Dieses Quiz wurde 16.132 mal gespielt
  • Das Durchschnittsergebnis liegt bei 19 aus 20

Antwortstatistiken

Antwort% Korrekt
Vereinigte Staaten
100%
Japan
99%
Frankreich
99%
Kanada
99%
Italien
98%
Schweden
98%
Brasilien
98%
Australien
97%
Vereinigtes Königreich
97%
China
97%
Griechenland
96%
Norwegen
96%
Israel
96%
Russland
94%
Niederlande
93%
Irland
92%
Mexiko
88%
Südafrika
88%
Jamaika
87%
Iran
85%

Verteilung der Resultate

Perzentil nach korrekt beantworteten Fragen

Anzahl Personen mit jedem Resultat

Ihre Resultats-Entwicklung

Sie haben dieses Quiz noch nicht gespielt